Регионална библиотека "Любен Каравелов" - Русе

Колумбовци от каменния век (Запис номер 37395)

MARC детайли
000 -Лидер
Контролно поле с фиксирана дължина 01845nam a2200373 c 4500
003 - Код на организацията, давaща контролен номер
Контролно поле BLK
005 - Дата и час на последна редакция
Контролно поле 20200514134508.0
008 - Елементи от данни с фиксирана дължина
fixed length control field 180408b bul|||||r ||||||| ||bul||
010 ## - Наследен системен номер
LC control number KNG00040542000
040 ## - Източник на каталожния запис
Идентификатор на билиотеката - собственик на записа BLK
041 ## - Код за език
Код за езика на текст/звукозапис или на отделно заглавие Български
Код за езика КДБФ Български
080 ## - УДК
Текстов определител УДК Паметници на културата на историческите периоди. Археологическите паметници. Старини
УДК код - определител по УДК 904
УДК определител (7/8)
УДК - код + определител 904(7/8)
080 ## - УДК
Текстов определител УДК Паметници на културата на историческите периоди. Археологическите паметници. Старини
УДК код - определител по УДК 904
УДК определител (5)
УДК - код + определител 904(5)
100 1# - Редна дума - Автор
Автор Варшавски, Анатоли Семенович
Авторска отговорност първи автор
R(LIN) 275515
139 ## - Редно поле
Редна дума Варшавски, Анатоли Семенович
Авторски знак Вар - В 22
245 10 - Сведения за заглавието
Заглавие Колумбовци от каменния век
Подзаглавни данни Научнопопул. четиво
Редно поле (дума) Анатоли Семенович Варшавски; прев. от рус. Кристалина Георгиева.
257 ## - Страна на издаване
Страна на създаване/издаване СССР
260 ## - Област на издателските данни
-- Варна
Име на издателя, разпространителя и проч. Георги Бакалов
Година на издаване 1989
300 ## - Физическа характеристика
Страници 164 с.
Размери/Мащаб 20 см
380 ## - Жанр
Жанр География
500 ## - Общи забележки
Забележка Ориг. загл. Колумбы каменного века / А. С. Варшавский
650 #4 - Допълнително описание по предмет – тема
Основно описание – тема или топоним Америка - колонизация - история
9 (RLIN) 275517
650 #4 - Допълнително описание по предмет – тема
Основно описание – тема или топоним Археологически паметници - Азия
9 (RLIN) 275518
651 #4 - Допълнително описание по предмет - топоним
Географско понятие Америка
9 (RLIN) 270135
651 #4 - Допълнително описание по предмет - топоним
Географско понятие Азия
9 (RLIN) 253598
653 ## - Ключова дума – ненормативна
Ключова дума археологически паметници
653 ## - Ключова дума – ненормативна
Ключова дума колонизация
700 1# - Други автори (авторска отговорност)
Лично име Георгиева, Кристалина
Автороска отговорност (Описва отношението между автора и произведението) прев. от рус.
9 (RLIN) 275516
852 ## - Местоположение
Форматна сигнатура Цб 157865
856 4# - Електронен адрес и достъп
Електронен формат pdf - файл
Път до файла /url/
856 4# - Електронен адрес и достъп
Електронен формат pdf - файл
Път до файла /url/
942 ## - АРТИКУЛИ
Вид на библиотечния материал Книги
Скрит в OPAC Не
Koha issues (borrowed), all copies 1
944 ## - СЪЗДАВАНЕ И РЕДАКЦИЯ на ЗАПИСА
Създаване/Редакция Създаване
Дата на регистрацията/редакция 23.08.2016
Служител, извършил регистрацията/редакцията Теодора_Стоянова
944 ## - СЪЗДАВАНЕ И РЕДАКЦИЯ на ЗАПИСА
Създаване/Редакция Редакция
Дата на регистрацията/редакция 23.08.2016
Служител, извършил регистрацията/редакцията Теодора_Стоянова
999 ## - СИСТЕМНИ КОНТРОЛНИ НОМЕРА
Koha biblionumber 37395
Koha biblioitemnumber 37395
Наличности
Код за отписване Код за изгубен артикул Източник на класификационната схема Код за повреда Коз за рестрикции Код за отдаване Артикулен № Име на библиотеката - собственик Име на библиотеката, в която се намира в момента Статус (Текущо местоположение) Дата на вписване в системата Местоположение - отдел Цена в лева Инвентарен номер Систематично азбучна сигнатура Баркод Номер на екземпляра Цена в евро Служебна бележка Служебен тип на артикула
  Не е изгубен Universal Decimal Classification Не е повреден без рестрикции ползва се в читалня 58748 Регионална библиотека "Любен Каравелов" Русе Регионална библиотека "Любен Каравелов" Русе Хранилище 1989-01-01 Хранилище 0.60 517009 Цб 157865 120000517009 1 0.31 Вид: Сф Дата: 01.01.1989 Книги
Изтеглен Не е изгубен Universal Decimal Classification Не е повреден без рестрикции заемане за дома 58749 Регионална библиотека "Любен Каравелов" Русе Регионална библиотека "Любен Каравелов" Русе Заемна - подръчен фонд 1989-01-01 Заемна - подръчен фонд 0.60 534320 П 904/В 22 534320 2 0.31 Вид: Сф Дата: 01.01.1989 Книги
  Не е изгубен Universal Decimal Classification Не е повреден без рестрикции заемане за дома 58750 Регионална библиотека "Любен Каравелов" Русе Регионална библиотека "Любен Каравелов" Русе Заемна - подръчен фонд 1989-01-01 Заемна - подръчен фонд 0.60 534321 904/В 22 120000534321 3 0.31 Вид: Сф Дата: 01.01.1989 Дата инв: 07.02.2018 Бележки инв: П2018 Книги
Vip Innovations Ltd, Rousse, Bulgaria 2025